000 01291cam a22002893a 4500
001 0000718
003 DO-SdBNP
005 20161012110233.0
007 0000718
008 861112 1994 sp ac 000 0 spa d
010 _a
020 _a8401315093
040 _aBPMSU
_cspa
_dBPMSU
_d
240 _aPeople in the past /
245 0 0 _aVivir en el pasado
_benciclopedia ilustrada /
_ctraductor Josep Sala Barbany
260 _aBarcelona :
_bPlaza & Janés editores,
_c1994.
300 _a49 p. :
_bil., retrato
_c31 cm.
490 _aPlaza joven
500 _aIncluye Glosario.
500 _aIncluye índice.
505 2 _tCazadores y recolectores --
_tLos primeros granjeros --
_tLos grandes inventores --
_tLos egipcios --
_tLas ganas de vencer --
_tLa vida en la antigua Roma --
_tComida del nuevo mundo --
_tInvasores del mar --
_tLas cruzadas --
_tMarco Polo --
_tEl renacimiento --
_tEl código del guerrero --
_tRecién llegados a una nueva tierra --
_tEl reino del oro --
_tCatalina La Grande --
_tLa revolución --
_tLas riquezas de la industria --
_tLos pioneros --
_tLa guerra civil Norteamericana --
_tEn la escuela --
_tGlosario e índice --
600 0 0 _a
_x
700 1 2 _aSala Barbany, Josep
_etrad.
830 _aPlaza joven
942 _2ddc
_cBK
956 _2YLOCKWARD
_310
_8BPMSU
999 _c11549
_d11549